| 000 | 00594nam a2200217Ia 4500 | ||
|---|---|---|---|
| 005 | 20250425162654.0 | ||
| 008 | 250425s9999 xx 000 0 und d | ||
| 020 | _a9681301870 | ||
| 041 | _aspa | ||
| 043 | _amx | ||
| 082 | _a378.17028 | ||
| 100 | _aHURTADO DE MENDOZA, MA DE LOS ANGELES | ||
| 245 | 0 | _aPRUEBA DE RENDIMIENTO ACADÉMICO Y OBJETIVOS DE LA INSTRUCCIÓN: MANUAL PARA UNA ENSEÑANZA MÁS PRECISA Y EFECTIVA | |
| 250 | _aS.E | ||
| 260 | _aMEXICO | ||
| 260 |
_aMéxico _bEDITORIAL DIANA _c1980 |
||
| 300 | _a332 | ||
| 650 | _aEDUCACION | ||
| 942 | _c01 | ||
| 010 | _a95760 | ||
| 999 |
_c234090 _d234090 |
||